Statistics for The good place charecters

Click here to take the quiz!

General Stats

  • This quiz has been taken 8 times
  • The average score is 12 of 49

Answer Stats

Answer% Correct
Bad Janet
100%
Disco Janet
100%
Janet
100%
Neutral Janet
100%
Michael
86%
Chidi Anagonye
57%
Eleanor Shelstrop
57%
Jason Mendoza
57%
Shawn
57%
Tahani Al-Jamil
57%
Trevor
43%
Vicky
43%
Donkey Doug
29%
Doug Forcett
29%
Glenn
29%
Kamilah Al-Jamil
29%
Angelique
14%
Dave Kattertrune
14%
Derrick
14%
Donna Shelstrop
14%
Doug Shellstrop
14%
Hypatia of Alexandria
14%
Jeff the Doorman
14%
Larry Hemsworth
14%
Luang
14%
Madison
14%
Manisha Al-Jamil
14%
Matt
14%
Neil
14%
Patricia Kattertrune
14%
Pillboy
14%
Tomas
14%
Uzo
14%
Waqas Al-Jamil
14%
Bambadjian
0%
Brett Norwalk
0%
Brittany
0%
Chris
0%
Esmerelda
0%
Gen
0%
Gwendolyn
0%
Jessica
0%
John Wheaton
0%
Mindy St. Claire
0%
Nick Offerman
0%
Simone Garnett
0%
Steve
0%
Timothy Olyphant
0%
Val
0%

Score Distribution

Percentile by Number Answered

Percent of People with Each Score

Your Score History

You have not taken this quiz